Teams With Most Goals in Europe's Top 5 Leagues 2019-'20 - Statistics

General Stats
  • This quiz has been taken 117 times
  • The average score is 24 of 38
Answer Stats
Rank Goal per Game Total Answer % Correct
3 2.68 102 Manchester City
98%
15 1.82 69 Chelsea
95%
19 1.74 66 Manchester United
95%
7 2.26 86 Barcelona
94%
8 2.24 85 Liverpool
94%
14 1.84 70 Real Madrid
94%
9 2.14 81 Inter Milan
93%
21 1.66 63 AC MIlan
92%
28 1.47 56 Arsenal
92%
1 2.94 100 Bayern Munich
92%
2 2.77 75 Paris Saint-Germain
92%
12 2 76 Juventus
91%
5 2.47 84 Borussia Dortmund
87%
23 1.61 61 Tottenham Hotspur
85%
11 2.03 77 AS Roma
79%
23 1.61 61 Napoli
78%
26 1.5 42 Olympique Lyonnais
78%
24 1.57 44 Monaco
71%
10 2.08 79 Lazio
70%
34 1.42 54 Sevilla
70%
31 1.46 41 Olympique Marseille
68%
4 2.58 98 Atalanta Bergamo
58%
17 1.79 61 Bayer Leverkusen
57%
18 1.76 67 Leicester City
55%
6 2.38 81 RB Leipzig
55%
13 1.94 66 Borussia Monchengladbach
42%
28 1.47 56 Real Sociedad
40%
35 1.41 48 Wolfsburg
34%
19 1.74 59 Eintracht Frankfurt
32%
31 1.46 41 Nice
30%
25 1.56 53 Hoffenheim
28%
21 1.66 63 Villarreal
25%
35 1.41 48 Hertha Berlin
22%
15 1.82 69 Sassuolo
18%
26 1.5 51 Koln
16%
33 1.43 40 Girondins Bordeaux
14%
28 1.47 56 Parma
13%
35 1.41 48 Freiburg
12%
No matching quizzes found
Score Distribution
Percent of People with Each Score
Percentile by Number Answered
Your Score History
You have not taken this quiz